lacy - Olivia Rodrigo (All Lyrics) - Statistics

General Stats
  • This quiz has been taken 69 times
  • The average score is 195 of 219
Answer Stats
Lyrics % Correct
I
100%
it
100%
lacy,
100%
lacy
100%
like
100%
oh,
100%
(oh,
100%
that
100%
the
100%
to
100%
try,
100%
try
100%
you
100%
your
100%
do
98%
ever
98%
every
98%
in
98%
on
98%
pastry
98%
puff
98%
skin
98%
thing
98%
this
98%
wear
98%
all
96%
but
96%
care,
96%
my
96%
of
96%
sweetest
96%
are
94%
aren't
94%
perfume
94%
time,
94%
angel
92%
hell?
92%
i'm
92%
lately
92%
linger
92%
not
92%
one
92%
side
92%
want
92%
you're
92%
did
90%
exist
90%
ooh,
90%
ooh
90%
plain
90%
watchin'
90%
well?
90%
well,
90%
could
88%
dust
88%
eyes
88%
got
88%
hair
88%
it's
88%
people
88%
people,
88%
takes
88%
tell
88%
made
86%
rationalize
86%
ribbons
86%
sight
86%
as
84%
daisies
84%
doin'
84%
greatest
84%
life
84%
over
84%
bullets
82%
everywhere,
82%
feel
82%
me
82%
torture
82%
bear
80%
compliments
80%
dazzling
80%
dear
80%
get
80%
knots,
80%
see
80%
and
78%
hidden
78%
just
78%
losing
78%
out
78%
how
76%
little
76%
reincarnate
76%
sexy
76%
smart,
73%
stomach's
73%
mind
71%
poison
71%
white
71%
worships
71%
jealous
69%
much
69%
despise
67%
fell
67%
for
67%
loathe
67%
they
67%
yeah,
67%
bardot
65%
hard
65%
rotten
65%
starlet,
65%
ah,
41%
whoa)
18%
No matching quizzes found
Score Distribution
Percent of People with Each Score
Percentile by Number Answered
Your Score History
You have not taken this quiz